Les 23 joueurs de l'équipe de France 2018 - Statistiques

Statistiques générales
  • Ce quiz a été pris 41 fois
  • Le résultat moyen est 19 sur 23
Statistiques - réponses
Poste Joueur % Correct
A Antoine Griezmann
100%
A Kylian Mbappé
100%
G Hugo Lloris
97%
M N'golo Kante
97%
A Olivier Giroud
97%
M Paul Pogba
97%
D Samuel Umtiti
97%
D Benjamin Pavard
94%
A Ousmane Dembelé
94%
D Raphaël Varane
94%
G Steve Mandanda
94%
D Lucas Hernandez
92%
M Blaise Matuidi
89%
G Alphonse Aréola
86%
D Adil Rami
83%
M Steven Nzonzi
83%
A Florian Thauvin
81%
D Djibril Sidibé
69%
M Corentin Tolisso
67%
A Nabil Fekir
67%
D Benjamin Mendy
61%
D Presnel Kimpembe
58%
A Thomas Lemar
44%
Aucun quiz correspondant
Distribution des résultats
% des personnes avec chaque résultat
Percentile par nombre de réponses
Votre historique - résultats
Vous n’avez pas pris ce quiz